00453 a2200157 450000100060000002000060000604000240001210000420003624000360007824500310011436200090014565000150015494200070016995201020017699900170027847824 a  cAnchieta - Aquarius aNarimatsu, Aura Celeste Gomes Ribeiro10aDaniel na cova dos leõeslpor10aDaniel na cova dos leões0 a1986 4aReligião cBK 00104070a87.1b87.1d2023-11-21l0o200 NAR DANp6869/AQUr2023-11-21 15:14:45w2023-11-21yBK c47824d47824